अपना - अपना एकांत (Record no. 1011649)

MARC details
000 -LEADER
fixed length control field 00989nam a2200277Ia 4500
003 - CONTROL NUMBER IDENTIFIER
control field OSt
005 - DATE AND TIME OF LATEST TRANSACTION
control field 20221005104053.0
008 - FIXED-LENGTH DATA ELEMENTS--GENERAL INFORMATION
fixed length control field 221004b |||||||| |||| 00| 0 hin d
037 ## - SOURCE OF ACQUISITION
Terms of availability Textual
040 ## - CATALOGING SOURCE
Original cataloging agency CRL
Transcribing agency CRL
Language of cataloging hin
041 ## - LANGUAGE CODE
Source of code hin
Language code of text/sound track or separate title hin
100 ## - MAIN ENTRY--PERSONAL NAME
Personal name दास, जगन्नाथप्रसाद, ले.
245 #0 - TITLE STATEMENT
Title अपना - अपना एकांत
246 ## - VARYING FORM OF TITLE
Title proper/short title Apanā - apanā ekāanta
260 ## - PUBLICATION, DISTRIBUTION, ETC.
Place of publication, distribution, etc. दिल्ली
Name of publisher, distributor, etc. जयश्री प्रकाशन भारत
Date of publication, distribution, etc. 1985
300 ## - PHYSICAL DESCRIPTION
Extent 104पृ0
Dimensions cm.
650 ## - SUBJECT ADDED ENTRY--TOPICAL TERM
Topical term or geographic name entry element उड़िया साहित्य
650 ## - SUBJECT ADDED ENTRY--TOPICAL TERM
Topical term or geographic name entry element उड़िया कविता
942 ## - ADDED ENTRY ELEMENTS (KOHA)
Classification part O1591,1N36x, 152M5
Koha item type Textual
Source of classification or shelving scheme
Holdings
Withdrawn status Lost status Damaged status Not for loan Home library Current library Date acquired Source of acquisition Total Checkouts Full call number Barcode Date last seen Price effective from Koha item type
        Central Library Central Library 2022-10-05 Gift, 27/08/2018,   O1591,1N36x 152M5 CL1172249 2022-10-05 2022-10-05 Textual
Copyright @ Delhi University Library System